000 01289nam a2200469 a 4500
003 AR-BaBNM
005 20251128210029.0
008 082120s2002 ||||||||||||||000 | spa||
020 _a968-23-1686-3
040 _cAR-BaBNM
100 1 _aSunkel, Osvaldo
245 0 0 _aEl subdesarrollo latinoamericano y la teorís del desarrollo
250 _a25ª ed.
260 _aMéxico, D.F.
_bSiglo Veintiuno
_c1993
300 _a385 p.
_bgráfs., tablas
490 0 _aEconomía y demografía
500 _aContiene índice de autores p. 383-385
504 _aBibliografía a pie de página
600 1 4 _aMarshall, Alfred
600 1 4 _aMarx, Karl
600 1 4 _aKeynes, John Maynard
650 4 _aHISTORIA ECONOMICA
650 4 _aTRABAJO
650 4 _aPROBLEMAS SOCIALES
650 4 _aINDUSTRIA
650 4 _aHISTORIA SOCIAL
650 4 _aPOLITICA ECONOMICA
650 4 _aLIBERALISMO
650 4 _aECONOMIA MARXISTA
650 4 _aCAPITALISMO
650 4 _aIMPERIALISMO
650 4 _aSOCIALISMO
650 4 _aMARXISMO
650 4 _aCRECIMIENTO ECONOMICO
650 4 _aSISTEMAS ECONOMICOS
650 4 _aTEORIA ECONOMICA
651 4 _aAmérica Latina
653 _aMERCANTILISMO
700 1 _aPaz, Pedro
_ecolaborador
942 _cBK
998 _cMariana
999 _c13786
_d13786